000 00703nam0a22002531 4500
001 rc\3293418
005 20250609204943.0
021 _aRU
_b[69-40195]
035 _a(NLR Aleph) 007497382
090 _a7654924
_c7654924
100 _a20130115d1969 |||y0rusy50 ca
101 0 _arus
102 _aRU
105 _aa z |||||
200 1 _aИзвесть и урожай
210 _aМинск
_cУрожай
_d1969
215 _a115 с.
_cил.
_d16
606 _aИзвесткование почв
_yБССР
_2psbo
700 1 _aШкель
_bМ.П.
_gМихаил Петрович
801 0 _aRU
_bNLR
_gpsbo
801 1 _aRU
_bELAR
_2rusmarc
852 _aNLR
_j69-2/1741
942 _cBOOK
980 _aNB